Bosquejo histórico sobre la orfebrería española / (Record no. 137656)

MARC details
000 -LEADER
campo de control de longitud fija 01007nam a2200253 i 4500
001 - NÚMERO DE CONTROL
campo de control 137656
003 - IDENTIFICADOR DE NÚMERO DE CONTROL
campo de control ES-MaACL
005 - FECHA Y HORA DE LA ÚLTIMA TRANSACCIÓN
campo de control 20260121134746.0
007 - CAMPO FIJO DE DESCRIPCIÓN FÍSICA--INFORMACIÓN GENERAL
campo de control de longitud fija t|
008 - DATOS DE LONGITUD FIJA--INFORMACIÓN GENERAL
campo de control de longitud fija 211006s1909 sp f 00110 spa d
080 ## - NÚMERO DE LA CLASIFICACIÓN DECIMAL UNIVERSAL
Número de la Clasificación Decimal Universal 739.1(460)(091)
100 1# - ENTRADA PRINCIPAL--NOMBRE DE PERSONA
Nombre de persona Sentenach, Narciso,
Fechas asociadas al nombre 1856-1925
9 (RLIN) 105479
245 10 - MENCIÓN DEL TÍTULO
Título Bosquejo histórico sobre la orfebrería española /
Mención de responsabilidad, etc. por Narciso Sentenach.
260 ## - PUBLICACIÓN, DISTRIBUCIÓN, ETC.
Lugar de publicación, distribución, etc. Madrid :
Nombre del editor, distribuidor, etc. [s.n.],
Fecha de publicación, distribución, etc. 1909 (
Fabricante Imp. de la Revista de Arch., Bibl. y Museos)
300 ## - DESCRIPCIÓN FÍSICA
Extensión 148 p., [9] h. de lám. :
Otras características físicas il. ;
Dimensiones 29 cm.
504 ## - NOTA DE BIBLIOGRAFÍA, ETC.
Nota de bibliografía, etc. Referencias bibliográficas.
530 ## - NOTA DISPONIBLE DE FORMULARIO FÍSICO ADICIONAL
Nota de formato físico adicional disponible Disponible en formato digital.
597 ## - NOTA DE DESCRIPCIÓN FÍSICA
NOTA DE DESCRIPCIÓN FÍSICA Enc. junto con: La pintura en Madrid desde sus orígenes hasta el siglo XIX.
650 #4 - PUNTO DE ACCESO ADICIONAL DE MATERIA--TÉRMINO DE MATERIA
Término de materia o nombre geográfico como elemento de entrada Orfebrería-
Subdivisión geográfica España-
Subdivisión de forma Historia.
9 (RLIN) 15755
852 4# - LOCALIZACIÓN
Ubicación ES-MaACL
Número de control de estantería F-3363 (2)
Ubicación en estantería Depósito 2
Encuadernación Encuadernacion pasta española
856 4# - LOCALIZACIÓN Y ACCESO ELECTRÓNICOS
Identificador Uniforme de Recursos <a href="http://bdh-rd.bne.es/viewer.vm?id=0000191144&page=1 ">http://bdh-rd.bne.es/viewer.vm?id=0000191144&page=1 </a>
Texto de enlace (Biblioteca Digital Hispánica)
942 ## - ELEMENTOS DE ENTRADA SECUNDARIOS (KOHA)
Fuente del sistema de clasificación o colocación Clasificación decimal universal
Holdings
Estatus retirado Estado de pérdida Estado de daño No para préstamo Colección Biblioteca de origen Biblioteca actual Ubicación en estantería Fecha de adquisición Fuente de adquisición Total de préstamos Signatura topográfica completa Código de barras Visto por última vez Precio de reemplazo Tipo de ítem Koha
        Colección digital Biblioteca del Ateneo de Madrid Biblioteca del Ateneo de Madrid Depósito 2 06/10/2021     F-3363 (2) 1202714 23/02/2023 23/02/2023 Libro impreso